Clown /

Bibliographic Details
Main Author: Kelly, Emmett, 1898-1979
Format: Book
Language:English
Published: New York : Prentice-Hall, 1954.
Subjects:

MARC

Tag First Indicator Second Indicator Subfields
LEADER 00000cam a2200000 a 4500
001 in00000080782
005 20151008054058.0
008 730406s1954 nyuac 00010 engm
010 |a  54005677  
035 |a (OCoLC)00598351 
035 |9 AAH9563AM 
040 |c HEI  |d TXA  |d UtOrBLW 
049 |a TXAM  |c [296803] 
082 0 |a 927.911 
090 |a GV1811.K4  |b A3 
100 1 |a Kelly, Emmett,  |d 1898-1979. 
245 1 0 |a Clown /  |c Emmett Kelly ; with F. Beverly Kelley ; decorations by Alicia Fiene. 
264 1 |a New York :  |b Prentice-Hall,  |c 1954. 
300 |a 271 pages :  |b illustrations, portraits ;  |c 22 cm. 
336 |a text  |b txt  |2 rdacontent 
337 |a unmediated  |b n  |2 rdamedia 
338 |a volume  |b nc  |2 rdacarrier 
500 |a Autobiography. 
600 1 0 |a Kelly, Emmett,  |d 1898-1979. 
650 0 |a Clowns. 
999 |a MARS 
999 f f |s d2a79991-c640-3a5c-890c-be4a617414ef  |i 7d44f84d-4def-3789-a959-c68585bd0475  |t 0 
952 f f |p ric  |a Texas A&M University  |b Rellis Campus  |c Joint Library Facility  |d Remote Storage  |t 0  |e GV1811.K4 A3  |h Library of Congress classification  |i unmediated -- volume  |m A14806117690 
998 f f |a GV1811.K4 A3  |t 0  |l Remote Storage